00707 2200241 4500001002100000005001700021008004100038020001800079035002400097040001200121082001600133090002500149100002700174245008300201250001100284260005100295300001800346500002600364650003300390850001200423990001500435990001500450YOGYA-0209000003369620090227024816.0 ind  a979-420-033-6 0010-020900000033696 aYOPDYOG a304.209 598 aT 304.209 598bHar A aHARJASUMANTRI, Kusnadi aAspek hukum peran serta masyarakat dalam pengelolaancKoesnadi Hardjasoemantri aCet. 3 aYogyakartabGadjah Mada University Pressc1993 a31 hlmc21 cm aBibliografi : hlm. 31 aIndonesia - Lingkungan hidup aYOPDYOG a94P0051321 a94P0051320